L'analyse des spectacles : Théâtre, mime, danse, cinéma (notice n° 2198002)
[ vue normale ]
| 000 -LEADER | |
|---|---|
| fixed length control field | 01525cam a2200133 4500500 |
| 005 - DATE AND TIME OF LATEST TRANSACTION | |
| control field | 20260405085505.0 |
| 041 ## - LANGUAGE CODE | |
| Language code of text/sound track or separate title | fre |
| 042 ## - AUTHENTICATION CODE | |
| Authentication code | dc |
| 100 10 - MAIN ENTRY--PERSONAL NAME | |
| Personal name | Pavis, Patrice |
| Relator term | author |
| 245 00 - TITLE STATEMENT | |
| Title | L'analyse des spectacles : Théâtre, mime, danse, cinéma |
| 260 ## - PUBLICATION, DISTRIBUTION, ETC. | |
| Name of publisher, distributor, etc. | Armand Colin,<br/> |
| Date of publication, distribution, etc. | 2021.<br/> |
| 520 ## - SUMMARY, ETC. | |
| Summary, etc. | Redonner au spectateur confiance en son propre regard, une confiance qu’il n’aurait jamais dû perdre, telle est l’ambition de ce parcours à travers les spectacles et quelques manières de les contempler. Théâtre parlé, mime, danse, danse-théâtre, performance, cinéma et média audiovisuels : comment les analyser, notamment lorsqu’ils se combinent en des oeuvres hybrides ? Comment distinguer leurs composantes : jeu de l’acteur, voix, musique, espace, temps, costumes, éclairages, etc. ?L’analyse et l’interprétation se placent résolument du point de vue psychologique, sociologique, anthropologique et interculturel du récepteur. Le spectateur est encouragé à revoir sa façon de décoder un spectacle. Les études théâtrales s’associent aux Performances Studies pour mieux évaluer les productions postmodernes et postdramatiques, pour réfléchir sur les moyens de créer ou de recevoir un spectacle. L’exemple des Marchands (2006), de Joël Pommerat, nous offre l’occasion d’observer les nouvelles identités du spectateur. Tout est possible, ou presque. |
| 856 41 - ELECTRONIC LOCATION AND ACCESS | |
| Uniform Resource Identifier | <a href="https://shs.cairn.info/l-analyse-des-spectacles--9782200630928?lang=fr&redirect-ssocas=7080">https://shs.cairn.info/l-analyse-des-spectacles--9782200630928?lang=fr&redirect-ssocas=7080</a> |
Pas d'exemplaire disponible.




Réseaux sociaux